| 000 | 00494nam a22001697a 4500 | ||
|---|---|---|---|
| 003 | OSt | ||
| 005 | 20140310181719.0 | ||
| 008 | 130305t xxu||||| |||| 00| 0 eng d | ||
| 020 | _a9711340313 | ||
| 050 |
_aDS 686.6.M36 _b.P433 1987 |
||
| 100 | _aPedrosa, Carmen Navarro. | ||
| 245 |
_aThe Rise and fall of Imelda Marcos / _cPedrosa, Carmen Navarro. |
||
| 260 |
_aManila : _c1987. _bExclusively distributed by Bookmark, |
||
| 300 |
_a230 p. : _c20 cm. |
||
| 942 |
_2lcc _cBK _kFLIR |
||
| 999 |
_c1923 _d1923 |
||